Základy hodinárstva : úvod do hodinárského odboru vhodný pre samostatné štúdium, pre školenie a pre informáciu : učebný text pre 1. až 4. ročník učebného odboru 0463-hodinár /

Hlavní autor: Martínek, Zdeněk, 1921-
Další autoři: Řehoř, Jaroslav, 1934-2023
Jazyk: Slovenština
Vydáno: Bratislava : Alfa, 1971
Vydání: 1. vyd.
Fyzický popis: 152 s.
Knihy
Uloženo v:
LEADER 00843nam a22002172a 4500
001 000389653
003 CZ BrMZK
005 20090803134449.0
007 ta
008 980105s1971 xo f |||||||||||slo d
040 |a BOA001  |b cze 
100 1 |a Martínek, Zdeněk,  |d 1921-  |7 jk01080365  |4 aut 
245 1 0 |a Základy hodinárstva :  |b úvod do hodinárského odboru vhodný pre samostatné štúdium, pre školenie a pre informáciu : učebný text pre 1. až 4. ročník učebného odboru 0463-hodinár /  |c Zdeněk Martínek, Jaroslav Řehoř 
250 |a 1. vyd. 
260 |a Bratislava :  |b Alfa,  |c 1971 
300 |a 152 s. 
700 1 |a Řehoř, Jaroslav,  |d 1934-2023  |7 jx20040813019  |4 aut 
910 |a BOA001  |b 1-0662.674 
990 |a BK 
991 |b 200906 
996 7 |b 2619805016  |c 1-0662.674  |l MZK  |r Sklad / do 1 hodiny  |n 2  |w 000389653  |u 000010  |a 1  |e BOA001  |j MZK50  |s A